| 000 | 00820cam a2200253 4500 | ||
|---|---|---|---|
| 999 |
_c126720 _d126720 |
||
| 001 | 307396 | ||
| 003 | ARRUPE | ||
| 005 | 20170822094310.0 | ||
| 008 | 730920s1974 nyu b 001 0 eng | ||
| 010 | _a 73016438 | ||
| 020 |
_a0471786349 _a0471786357 (pbk.) |
||
| 040 |
_aDLC _cDLC _dDLC |
||
| 043 | _an-us--- | ||
| 050 | 0 | 0 |
_aLA205 _b.S47 1974 |
| 082 | 0 | 0 | _a370/.973 |
| 245 | 1 | 0 |
_aFoundations of education: _cEdited by James J. Shields, Jr. and Colin Greer. _b dissenting views. |
| 260 |
_aNew York, _bJohn Wiley and Sons, Inc. _c[1974] |
||
| 300 |
_avi, 202 p. _c23 cm. |
||
| 504 | _aBibliography: p. 197-202. | ||
| 650 | 0 |
_aEducation _zUnited States. _xAddresses, essays, lectures _934968 |
|
| 700 | 1 |
_aGreer, Colin, _ejoint comp. _934969 |
|
| 906 |
_a7 _bcbc _corignew _d1 _eocip _f19 _gy-gencatlg |
||
| 942 |
_2lcc _cMONOGRAPH |
||